Boroughs of the West Midlands on a Map - Statistics

General Stats
  • This quiz has been taken 311 times
  • The average score is 5 of 7
Answers on the Map
Answers color-coded by a green-red scale on the quiz's map according to % correct below.
 
Answer Stats
Population Borough % Correct
1,141k Birmingham
97%
254k Wolverhampton
84%
371k Coventry
74%
216k Solihull
74%
322k Dudley
73%
285k Walsall
69%
328k Sandwell
50%
No matching quizzes found
Score Distribution
Percent of People with Each Score
Percentile by Number Answered
Your Score History
You have not taken this quiz